Stromy rostou do nebe /

Main Author: Mareš, Jan, 1914-1986
Language: Czech
Published: Praha : Státní nakladatelství dětské knihy, 1963
Edition: 1. vyd.
Series: Střelka (SNDK)
Online Access: Digitalizovaný dokument
Physical Description: 322 s.
Book
Saved in:
LEADER 01075nam a2200277 a 4500
001 000758953
003 CZ BrMZK
005 20190617105015.0
007 ta
008 980107s1963 xr f cze d
015 |a cnb000441377 
040 |a BOA001  |b cze 
100 1 |a Mareš, Jan,  |d 1914-1986  |7 jk01080181  |4 aut 
245 1 0 |a Stromy rostou do nebe /  |c Jan Mareš ; il. Josef Paleček 
250 |a 1. vyd. 
260 |a Praha :  |b Státní nakladatelství dětské knihy,  |c 1963 
300 |a 322 s. 
490 1 |a Střelka ;  |v sv. 37 
521 8 |a Pro čtenáře od 11 let 
500 |a Dostupné též v digitální podobě v aplikaci Kramerius 
830 0 |a Střelka (SNDK)  |0 s 
856 4 1 |u http://www.digitalniknihovna.cz/mzk/uuid/uuid:a6b834d0-9679-11e9-9209-005056827e51  |y Digitalizovaný dokument  |x NDK 
910 |a BOA001  |b PK-A-0008.860  |b 1-0507.614 
990 |a BK 
996 7 |b 2619450621  |c 1-0507.614  |l MZK  |r Sklad / do 1 hodiny  |n 2  |w 000758953  |u 000020  |a 1  |e BOA001  |j MZK50  |s A 
996 6 |b BC-185317  |c PK-A-0008.860  |l MZK  |r Sklad / do 1 hodiny  |n 0  |w 000758953  |u 000010  |a 1  |e BOA001  |j MZK50  |s P